书目信息 |
| 题名: |
清代前期教育思想与论著选读
|
|
| 作者: | 冯克诚 主编 | |
| 分册: | 下 | |
| 出版信息: | 北京 人民武警出版社 2010 |
|
| 页数: | 260页 | |
| 开本: | 22cm | |
| 丛书名: | 中外教育名家名著精读丛书 | |
| 单 册: | ||
| 中图分类: | G40-092.49 | |
| 科图分类: | ||
| 主题词: | 教育思想--思想史--研究--中国 , 教育思想 | |
| 电子资源: | ||
| ISBN: | 978-7-80176-465-2 | |
| 000 | 00910oam2 2200265 45 | |
| 001 | 1256826047 | |
| 005 | 20120626164738.95 | |
| 010 | @a978-7-80176-465-2@dCNY39.80(全3册119.40) | |
| 100 | @a20120626e20112010ekmy0chiy0120 ea | |
| 101 | 0 | @achi |
| 102 | @aCN@b110000 | |
| 105 | @aa z 000yy | |
| 106 | @ar | |
| 200 | 1 | @a清代前期教育思想与论著选读@AQing Dai Qian Qi Jiao Yu Si Xiang Yu Lun Zhu Xuan Dou@h下@HXia@f冯克诚主编@FFeng Ke Cheng Zhu Bian |
| 210 | @a北京@c人民武警出版社@d2010@h2011 | |
| 215 | @a260页@d22cm | |
| 225 | 2 | @a中外教育名家名著精读丛书 |
| 330 | @a全套分中国卷20种外国卷20种,共40种,同时出齐。 | |
| 410 | 0 | @12001 @a中外教育名家名著精读丛书 |
| 606 | 0 | @a教育思想@x思想史@x研究@y中国 |
| 606 | 0 | @a教育思想 |
| 690 | @aG40-092.49@v4 | |
| 701 | 0 | @a冯克诚@AFeng Ke Cheng@4主编 |
| 801 | 0 | @aCN@b大连网信软件有限公司图书馆·11@c20120626 |
| 905 | @b0819607-10@dG40-092.49@e601:3@f4 | |
| 清代前期教育思想与论著选读.下/冯克诚主编.-北京:人民武警出版社,2010(2011) |
| 260页;22cm.-(中外教育名家名著精读丛书) |
| ISBN 978-7-80176-465-2:CNY39.80(全3册119.40) |
| 全套分中国卷20种外国卷20种,共40种,同时出齐。 |
| ● |
| 相关链接 |
|
|
|
|
正题名:清代前期教育思想与论著选读
索取号:G40-092.49/601:3
 
预约/预借
| 序号 | 登录号 | 条形码 | 馆藏地/架位号 | 状态 | 备注 |
| 1 | 0819607 | 208196076 | 第一样本阅览室/ [索取号:G40-092.49/601:3] | 在馆 | |
| 2 | 0819608 | 208196085 | 第四借阅区/ [索取号:G40-092.49/601:3] | 在馆 | |
| 3 | 0819609 | 208196094 | 第四借阅区/ [索取号:G40-092.49/601:3] | 在馆 | |
| 4 | 0819610 | 208196101 | 第四借阅区/ [索取号:G40-092.49/601:3] | 在馆 |